000 00364nam a22001457a 4500
020 _a978-83-264-5263-7
082 _a894.812
_bRAM/N
100 _aRAMACHANDRAN NAIR, PANMANA
245 _aNALLA MALAYALAM PARAYANUM EZHUTHANUM
_bNALLA BASHA
260 _aKOTTAYAM
_bDC BOOKS
_c2014
300 _a612
520 _aABOUT LANGUAGE
650 _aMALAYALAM
942 _cBK
999 _c4091
_d4091